00309nam a2200109Ia 4500008004100000082002000041100001400061245001500075260003900090630001800129650005200147211118s9999||||xx |||||||||||||| ||und|| a894.8121bVIN-K aVinayan,  0aKalithattu bA.K.J.M SchoolaKanjirapallyc2010 xGeneral Stack aMalayalam LiteraturevMalayalam PoetryGeneralia